| 000 | 00596nam a2200193 a 4500 | ||
|---|---|---|---|
| 005 | 20240611063650.0 | ||
| 008 | 991125s1996 agu 000 0 spa u | ||
| 020 | _a9686943692 | ||
| 035 | _aUPN01000054234 | ||
| 049 | _aF | ||
| 050 | 4 |
_aQA159 _bM3.7 |
|
| 100 | 1 | _aMárquez, M. A. | |
| 245 | 1 | 0 |
_aSobre la enseñanza del álgebra y algunos problemas que se le relacionan / _cM. A. Márquez. |
| 260 |
_aAguascalientes : _bInstituto de Educación de Aguascalientes, _c1996. |
||
| 300 | _a44 p. | ||
| 440 | 0 |
_aAprendamos ; _v35 |
|
| 650 | 4 |
_aÁlgebra _xEstudio y enseñanza _92073 |
|
| 905 | _aLibro | ||
| 999 |
_c54234 _d54234 |
||